00362nam a2200169Ia 4500003000400000005001700004008004100021020001900062040000700081041000800088082001300096100001500109245002800124260001700152300000900169650001400178OSt20251125092801.0250729s1927 xx 000 0 und d a978-1528386319 cAL aeng a370 GILE aGillet M S a Education of character aLondonc1927 a164p aEducation